Normal view
MARC view
- منصور ، عاطف
Entry Personal Name
001 - CONTROL NUMBER
- control field: 16896
003 - CONTROL NUMBER IDENTIFIER
- control field: JO-AjAnu
005 - DATE AND TIME OF LATEST TRANSACTION
- control field: 20230606073008.0
008 - FIXED-LENGTH DATA ELEMENTS
- fixed length control field: 230606|| aca||aabn | a|a d
040 ## - CATALOGING SOURCE
- Original cataloging agency: JO-AjAnu
- Transcribing agency: JO-AjAnu
100 ## - HEADING--PERSONAL NAME
- Personal name: منصور ، عاطف
670 ## - SOURCE DATA FOUND
- Source citation: Work cat.: (JO-AjAnu)8676: منصور ، عاطف, author, مكتتبة الاسرة في الرياضيات تنمية المهارات الاساسية في الرياضيات للناشئين، ج3